Raja Rammohun Roy: (Record no. 214843)

MARC details
000 -LEADER
fixed length control field 00616nam a22001937a 4500
005 - DATE AND TIME OF LATEST TRANSACTION
control field 20260212130732.0
010 ## - LCCN (DPL NO)
LC control number ENG-147814
020 ## - INTERNATIONAL STANDARD BOOK NUMBER
International Standard Book Number 9789391766559
Terms of availability 450.00
035 ## - SYSTEM CONTROL NUMBER
System control number EN-131346
037 ## - SOURCE OF ACQUISITION
Source of stock number/acquisition DBAD
082 ## - DEWEY DECIMAL CLASSIFICATION NUMBER
Classification number 921
Edition number 1
100 ## - MAIN ENTRY--PERSONAL NAME
Personal name Samar Singh
245 ## - TITLE STATEMENT
Title Raja Rammohun Roy:
Remainder of title The Pioneer of Indian Renaissance/
Statement of responsibility, etc Samar Singh
250 ## - EDITION STATEMENT
Edition statement 1
260 ## - PUBLICATION, DISTRIBUTION, ETC. (IMPRINT)
Place of publication, distribution, etc New Delhi
Name of publisher, distributor, etc Atharv Publications
Date of publication, distribution, etc 2025
270 ## - ADDRESS
City New Delhi
Address 110, Ist Floor, Gali No. 4, Harphool Vihar, Bapraula
Postal code 110043
Electronic mail address atharvpublications@gmail.com
300 ## - PHYSICAL DESCRIPTION
Extent 120p.
Dimensions 22cm(hb)
942 ## - ADDED ENTRY ELEMENTS (KOHA)
Source of classification or shelving scheme Dewey Decimal Classification
Item type English Books
Classification part 921
Call number suffix SAM
Holdings
Withdrawn status Lost status Not for loan Collection code Home library Current library Date acquired Source of acquisition Cost, normal purchase price Full call number Barcode Copy number Cost, replacement price Koha item type
      Non-fiction Patel Nagar Patel Nagar 12/02/2026 Delivery of Books Act Division 450.00 921 SAM EN-131346 1 450.00 English Books

© Delhi Public Library
Hit Counter
free hit counter